banner-ar

بلايين من المستثمرين : (Record no. 62624)

MARC details
000 -الفاتح
حقل البيانات ثابتة الطول 00979nam a22002297a 4500
005 - وقت وتاريخ اخر تعامل مع التسجيلة
رقم الضبط 20240530110559.0
008 - عناصر البيانات ثابتة الطول - معلومات عامة
حقل البيانات ثابتة الطول 160321s2012 ua a g 000 0 ara d
017 ## - رقم الايداع القانونى
رقم الايداع القانونى 1431/2012
المصدر ( الهيئة المختصة) السعودية . مكتبة الملك فهد الوطنية
020 ## - الرقم الدولى المعيارى للكتب
الرقم الدولى المعيارى للكتاب 9786035030007
040 ## - مصدر الفهرسة
وكالة الفهرسة الأصلية EG-CaGPL
082 04 - رقم تصنيف ديوى العشرى
رقم الطبعة 21
رقم التصنيف 330.951\
رقم المادة خ ب
100 0# - المدخل الرئيسى - إسم شخصى
الإسم الشخصى تارون خانا .
245 10 - بيان العنوان
العنوان بلايين من المستثمرين :
بقية العنوان كيف تعيد الصين و الهند تشكيل المستقبل /
بيان المسئوليه,etc تارون خانا ؛ نقله الى العربية محمد محمود التوبة .
250 ## - بيان الطبعة
بيان الطبعة ط1.
260 ## - PUBLICATION, DISTRIBUTION, ETC. (IMPRINT)
تاريخ النشر أو التوزيع 2012 .
300 ## - الوصف المادى
التعداد 483 ص ؛
أبعاد الوعاء 24 سم .
651 04 - المدخل الاضافى بالموضوع - اسم جغرافى
الاسم الجغرافي الصين
التقسيم الفرعي العام الاحوال الاقتصادية .
651 04 - المدخل الاضافى بالموضوع - اسم جغرافى
الاسم الجغرافي الهند
التقسيم الفرعي العام الاحوال الاقتصادية .
700 0# - المدخل الاضافى - اسم شخصى
الإسم الشخصى محمد محمود التوبة
الدور مترجم .
942 ## - عناصر المدخل الإضافي( كوها)
مصدر التصنيف او مخطط الترفيف Dewey Decimal Classification
Koha [default] item type كتاب
260 ## - PUBLICATION, DISTRIBUTION, ETC. (IMPRINT)
-- الرياض :
-- العبيكان للنشر ،
Holdings
حالة التراجع حالة الفقد حالة تلف ليس للاعارة المكان المؤقت الموقع الحالى تاريخ الاكتساب اجمالي اﻻعارات رقم الطلب الباركود تاريخ اخر مشاهدة تاريخ تفعيل السعر نوع وعاء كوها
        مكتبة القاهرة الكبرى مكتبة القاهرة الكبرى 09/01/2016   330.951\ خ ب 162397 09/01/2016 09/01/2016 كتاب

Powered By

EGPV